| 000 | 00651nam a2200229 4500 | ||
|---|---|---|---|
| 003 | OSt | ||
| 005 | 20240611010215.0 | ||
| 006 | a | ||
| 008 | 240611b |||||||| |||| 00| 0 eng d | ||
| 020 | _a9780340968383 | ||
| 040 |
_aDWCL-Main lib. _cOC |
||
| 082 |
_2third edition _aCirc. 792.62 A826e 2008 |
||
| 100 | _aAshley, Linda | ||
| 245 | _aEssential guide to dance / | ||
| 250 | _athird edition | ||
| 260 |
_aUnited Kingdom : _bHodder Education Company, _cc2008. |
||
| 300 |
_ax, _b347 p. : col. ill. ; _c25 cm. |
||
| 504 | _aIncludes index. | ||
| 650 | _a1. Dance. | ||
| 700 | _aLinda Ashley | ||
| 942 |
_2ddc _n0 _cBK-CIRC _ethird edition _kCirc. |
||
| 999 |
_c498 _d498 |
||